Religion Quiz

Random Religion Quiz

ZBT Xi Chapter Families Quiz Stats

Quiz not verified by Sporcle

Also try: Sunni or Shia?
Challenge
Share
Tweet
Embed
Score 0/31 Timer 10:00
0 Plays Today
Family Brother % Correct
Grandpa Pi/RichardPi
95.7%
Firecrotch/ShanePi
95.7%
Barbie/BrandonPi
95.7%
MartyPi
95.7%
BrentonPi
95.7%
Ralph/JustinPi
91.3%
Super GrantPi
91.3%
SCB/NigelM
87%
Sweetie Pie/TravisM
87%
Nick1|M
87%
Giffy Quick/Pepee
87%
Kenan/Jacobe
87%
C.C.e
87%
Pumpkin/Logane
87%
Grege
87%
Jessiee
87%
Family Brother % Correct
The Plug/Alex1|M
87%
Andy Candy/Andy1|M
87%
Stevee
87%
Depends/TommyM
87%
PatrickM
82.6%
Jew/RyanM
82.6%
Nancy/MikeM
82.6%
DrewM
82.6%
Paul1|M
82.6%
Tool Time/Josh1|M
82.6%
Chandler1|M
82.6%
Lunchbox/KevinM
82.6%
McLovine
78.3%
SomyaPi
69.6%
Adam1|M
65.2%

You're not logged in!

Compare scores with friends on all Sporcle quizzes.
Sign Up with Email
OR
Log In

You Might Also Like...

Show Comments

Extras

Top Quizzes Today


Score Distribution

Your Account Isn't Verified!

In order to create a playlist on Sporcle, you need to verify the email address you used during registration. Go to your Sporcle Settings to finish the process.

Report this User

Report this user for behavior that violates our Community Guidelines.

Details: